Журнал входящих бумаг канцелярии Постоянного совета

Доступно только в Электронных читальных залах Найти на картеНа карте
RUSMARC
00004218nac2a22003011x 450
001a65661b3-c273-44f9-bbf0-07ee54a12f27
00520131120205706.0
100##$a20130605l19121916k y0rusy50 ca
1010#$arus
102##$aRU
105##$ay z |||||
1222#$ad19120103
$ad19161107
2001#$aЖурнал входящих бумаг канцелярии Постоянного совета
$j3 января 1912 - 7 ноября 1916
215##$a94 листа
251##$cДело
300##$aЗаголовок дела на обложке: Журнал входящих бумаг канцелярии Постоянного совета объединенных дворянских обществ
300##$aВ картонном переплете с заголовком на обложке
300##$aРукописный текст
325##$aЗамикрофильмировано
330##$aXIV. Входящие и исходящие журналы /1906-1912/
461#0$1001b6db1e6b-efcc-4108-961b-a8f75be6354f
$12001
$aПостоянный совет объединенных дворянских обществ
$1251
$cФонд
$1852
$j434
462#0$1001376737bd-14a2-4097-a3d5-a02b2aa0e2d3
$12001
$aПостоянный совет объединенных дворянских обществ. 1906-1917 гг.
$1251
$cОпись
$1852
$j1
517##$aЖурнал входящих бумаг канцелярии Постоянного совета объединенных дворянских обществ
60102$3RU\NLR\AUTH\8810165427
$aПостоянный совет объединенных дворянских обществ
$cПетербург
60102$3RU\NLR\AUTH\8810165525
$aПостоянный совет объединенных дворянских обществ
$cПетербург
$bКанцелярия
801#0$aRU
$bGA_RF
801#1$aRU
$bНПО Опыт
$c20130605
$2rusmarc
801#2$aRU
$bПБ им. Б.Н. Ельцина
$c20131120
$gRCR
$2rusmarc
852##$aГА РФ
$j388
937##$d41868474
$hПБ
035##$aRuPRLIB51006685
Формат отображения